U.S. States With the Most Identity Theft - Statistics

General Stats
  • This quiz has been taken 31 times
  • The average score is 16 of 20
Answer Stats
Complaints State % Correct
140 California
100%
149 Florida
96%
103 New York
96%
118 Texas
96%
119 Arizona
89%
151 Michigan
89%
99 Washington
89%
120 Georgia
86%
124 Illinois
86%
128 Nevada
82%
129 Maryland
79%
106 New Jersey
79%
97 Pennsylvania
79%
90 Virginia
79%
91 New Mexico
75%
108 Colorado
71%
92 North Carolina
68%
114 Connecticut
57%
123 Rhode Island
57%
126 Delaware
50%
No matching quizzes found
Score Distribution
Percent of People with Each Score
Percentile by Number Answered
Your Score History
You have not taken this quiz